| 000 | 00769nam a2200265 04500 | ||
|---|---|---|---|
| 001 | 1964 | ||
| 010 | _a9789897029097 | ||
| 021 |
_aPT _b514780/23 |
||
| 090 | _a1964 | ||
| 100 | _a20250811d2023 m||y0pory50030103ba | ||
| 101 | _apor | ||
| 102 | _aPT | ||
| 200 |
_aTempestades de aço _fErnest Jünger _gtrad. Maria José Segismundo dos Santos |
||
| 205 | _a1ª edição | ||
| 210 |
_aLisboa _cGuerra & Paz _d2023 |
||
| 215 |
_a279, [1] p. _d23 cm |
||
| 300 | _aBMB-Registado | ||
| 304 | _aTít. orig.: In Stalhgewittern | ||
| 606 |
_91190 _aLiteratura Alemã |
||
| 606 |
_9778 _aRomance Policial |
||
| 675 |
_a821.112.2-312.6 _vBMB _zpor |
||
| 700 |
_aJünger _bErnst _f1895-1998 _92025 |
||
| 702 |
_aSantos _bMaria José Segismundo dos _92821 |
||
| 801 | 0 |
_aPT _bBM _gRPC |
|
| 990 | _cLIVROS | ||